| 000 | 00959 a2200241 4500 | ||
|---|---|---|---|
| 003 | UA-OsUOA | ||
| 005 | 20230621144055.0 | ||
| 008 | 230601b un ||||| |||| 00| 0 ukr d | ||
| 020 | _a9786178240035 | ||
| 040 |
_aUA-OsUOA _bukr _cUA-OsUOA _dUA-OsUOA |
||
| 041 | _aukr | ||
| 080 | _a94(477)152 | ||
| 090 |
_a94(477)152 _bЛ17 |
||
| 100 | _aЛазебник С. | ||
| 245 |
_aЗ прожитого... з відвертістю (відчайдушне зазіхання на мемуари) _cСтаніслав Лазебник |
||
| 260 |
_aК. _bГДІП _c2023 |
||
| 300 | _a176 с. | ||
| 490 |
_aБібліотека наукового щорічника "Україна дипломатична" _vВип. 27 |
||
| 650 |
_2UDC _a94(477) Історія України |
||
| 942 |
_cBK _2udc |
||
| 955 | _a3 | ||
| 999 |
_c574290 _d574290 |
||